| 000 | 01157naa a22003137a 4500 | ||
|---|---|---|---|
| 001 | BR9400381 | ||
| 003 | BR-BrBNA | ||
| 005 | 20240918181106.0 | ||
| 007 | ta | ||
| 008 | 230509b bl.||||| |||| 00| 0 por d | ||
| 040 |
_aBR-BrBNA _bpor _cBiblioteca Nacional de Agricultura |
||
| 041 | _a(Pt) | ||
| 072 | _aK10; U10 | ||
| 090 | _aK10 BR9400381 | ||
| 100 | 1 | _aZakia, M.J.B. | |
| 100 | 1 | _aPareyn, F.G. | |
| 100 | 1 | _aRiegelhaupt, E. | |
| 245 | 1 | _aEquacoes de peso e de volume para oito especies lenhosas nativas do Serido - RN | |
| 250 | 1 | _a2. ed. | |
| 260 | 3 |
_aNatal, RN (Brasil): _c1992. |
|
| 500 | _aPlano de manejo florestal para a regiao do Serido do Rio Grande do Norte. v. 1: Levantamentos basicos 2. ed. Natal, RN (Brasil): 1992. p. 101-202 (BR9400381-AM)K10 | ||
| 650 | _aInventario Florestal | ||
| 650 | _aDendrometria | ||
| 650 | _aModelo Matematico | ||
| 650 | _aRio Grande do Norte | ||
| 773 | 0 |
_tPlano de manejo florestal para a regiao do Serido do Rio Grande do Norte. v. 1: Levantamentos basicos _b2. ed. _wK10 BR9400381 _gNatal, RN (Brasil), 1992. p. 101-202 |
|
| 909 |
_a202404 _bLucia _c55 _dLucia Elande |
||
| 942 |
_cAM _2AGRIS |
||
| 999 |
_c323598 _d323598 |
||